000 00348nam a2200133Ia 4500
008 240624s9999 xx 000 0 und d
041 _aeng
082 _a658.4092 CIO
100 _aCIOFFI JOHN
245 _aWINNING MANAGER 6 PRACTICES EVERY MANAGE
260 _c2014
_aMumbai
_bJaico Publishing
300 _a255 : p. : cm. ; 21
365 _cRS
_b35
999 _c26774
_d26774